RICS Valuation Global Standards (Record no. 121523)

MARC details
000 -LEADER
fixed length control field 01246cam a22002415a 4500
008 - FIXED-LENGTH DATA ELEMENTS--GENERAL INFORMATION
fixed length control field 230526s2021 xxk f 000 0 eng d
020 ## - INTERNATIONAL STANDARD BOOK NUMBER
International Standard Book Number 9781783214402
041 0# - LANGUAGE CODE
Language code of text/sound track or separate title eng
110 2# - MAIN ENTRY--CORPORATE NAME
Corporate name or jurisdiction name as entry element Royal Institution of Chartered Surveyors
9 (RLIN) 4900
245 00 - TITLE STATEMENT
Title RICS Valuation Global Standards
Remainder of title Portugal National Supplement
Medium [electronic resource]
250 ## - EDITION STATEMENT
Edition statement 1st
260 ## - PUBLICATION, DISTRIBUTION, ETC.
Place of publication, distribution, etc. London,
Name of publisher, distributor, etc. RICS,
Date of publication, distribution, etc. 2021
300 ## - PHYSICAL DESCRIPTION
Extent 13p.
490 #0 - SERIES STATEMENT
Series statement RICS Red Book
520 ## - SUMMARY, ETC.
Summary, etc. This national supplement sets out supporting guidance for members on the application of RICS Valuation – Global Standards (Red Book Global Standards) to valuations undertaken subject to Portuguese jurisdiction. It places fresh emphasis on the fact that the content is supplemental to that in Red Book Global Standards, and not in substitution for it. This removes the need for an overall Introduction reproducing that in Red Book Global Standards.
520 ## - SUMMARY, ETC.
Summary, etc. Effective from July 2021
650 24 - SUBJECT ADDED ENTRY--TOPICAL TERM
Topical term or geographic name entry element RED BOOK
650 24 - SUBJECT ADDED ENTRY--TOPICAL TERM
Topical term or geographic name entry element GLOBAL VALUATION STANDARDS 2017
651 #4 - SUBJECT ADDED ENTRY--GEOGRAPHIC NAME
Geographic name Portugal
690 ## - LOCAL SUBJECT ADDED ENTRY--TOPICAL TERM (OCLC, RLIN)
Topical term or geographic name as entry element Valuation
9 (RLIN) 6273
856 40 - ELECTRONIC LOCATION AND ACCESS
Uniform Resource Identifier <a href="https://www.rics.org/content/dam/ricsglobal/documents/standards/red_book_portugal_national_supplement_1st_edition.pdf">https://www.rics.org/content/dam/ricsglobal/documents/standards/red_book_portugal_national_supplement_1st_edition.pdf</a>
Public note View on RICS.org
942 ## - ADDED ENTRY ELEMENTS (KOHA)
Suppress in OPAC 0
Source of classification or shelving scheme Dewey Decimal Classification
Holdings
Withdrawn status Lost status Source of classification or shelving scheme Damaged status Not for loan Home library Current library Shelving location Date acquired Total Checkouts Date last seen Copy number Price effective from Koha item type
    Dewey Decimal Classification     Virtual Virtual Online 26/05/2023   26/05/2023 1 26/05/2023 Online material